000 00521nam a2200193Ia 4500
005 20260429112039.0
008 260429s9999||||xx |||||||||||||| ||und||
020 _a9781647268725
041 _aEnglish
082 _a150.151
_bATT
100 _aAttella, Alisha
245 0 _aData science and psychology /
_cAlisha Attella
260 _aNew York :
_bClanrye International,
_c2025.
300 _avii, 213 p.; hb
650 _a Psychology
650 _a Statistical analysis
650 _aData science
942 _cTB
999 _c52068
_d52068